000 00971cam a22002651 4500
001 7307902
003 ARRUPE
005 20140326170110.0
008 771219s1893 enkb 000 0 eng
010 _a 17009529
035 _a(OCoLC)3502402
040 _aDLC
_cOC
_dNN
_dDLC
043 _af-rh---
050 0 0 _aDT964.M3
_bB6 1893
100 1 _aBlennerhassett, Rose.
_99471
245 1 0 _aAdventures in Mashonaland,
_cby two hospital nurses, Rose Blennerhassett and Lucy Sleeman.
260 _aLondon,
_aNew York,
_bMacmillan and Co.,
_c1893.
300 _axii, 340 p.
_bfront. (map)
_c20 cm.
651 0 _aMashonaland East Province (Zimbabwe)
_xDescription and travel.
_99472
651 0 _aMashonaland West Province (Zimbabwe)
_xDescription and travel.
_99473
651 0 _aMashonaland Central Province (Zimbabwe)
_xDescription and travel.
_99474
700 1 _aSleeman, Lucy.
_99475
906 _a7
_bcbc
_coclcrpl
_du
_encip
_f19
_gy-gencatlg
942 _2lcc
_cREFERENCE
999 _c120292
_d120292